| 000 | 00474cam a2200193ua 4500 | ||
|---|---|---|---|
| 003 | OSt | ||
| 008 | 250104b |||||||| |||| 00| 0 eng d | ||
| 020 | _a81-204-0019-4 | ||
| 041 | _aeng | ||
| 082 |
_a621.381 _bFAR/BA |
||
| 100 |
_aFaruqui, M N . _96755 |
||
| 245 | _aBasic electronics / | ||
| 250 | _a1 / | ||
| 260 |
_aNew Delhi : _bOxford & IBH Publishing company , _c1995. |
||
| 300 | _a493 ; . | ||
| 500 | _a*CSS | ||
| 700 | 1 |
_aMaskara, S L . _96756 |
|
| 942 | _cBK | ||
| 999 |
_c1980 _d1980 |
||